000 00734nam a2200289Ia 4500
005 20260324124638.0
008 008 260324s9999 xx 000 0 eng d
020 _a9781315653389
037 _aEBOOK
040 _aCRL
040 _beng
040 _cCRL
041 _2eng
041 _aeng
084 _qCRL
100 _aAnders Ogren; Patrice Baubeau
_91174961
245 0 _aConvergence and Divergence of National Financial Systems
245 0 _bEvidence from the Gold Standards, 1871-1971
260 _bTaylor and Francis
260 _c2010
365 _a
365 _b240
856 _uhttp://www.taylorfrancis.com/books/9781315653389
942 _cEBOOK
999 _c1769506
_d1769506